| 000 | 00910nam a2200289 4500 | ||
|---|---|---|---|
| 003 | OSt | ||
| 005 | 20260530115302.0 | ||
| 008 | 260506b2007 US ||||| |||| 00| 0 eng d | ||
| 020 | _a0764137336 | ||
| 040 |
_aICI _bspa _cICI |
||
| 041 | _aeng | ||
| 050 |
_aTT920 _bQ8518 |
||
| 100 | 1 |
_aQuinn, Anthony, _e autor _931376 |
|
| 240 | 1 |
_aCeramic design course. _lEspañol |
|
| 245 | 1 | 0 |
_aDiseño de cerámica : _b principios, prácticas, técnicas / _cAnthony Quinn ; traducción, Mar Vidal |
| 264 | 1 |
_aBarcelona : _bAcanto, _b2007 |
|
| 300 |
_a144 páginas : _bilustraciones |
||
| 336 |
_atexto _2rdacontent |
||
| 337 |
_asin medio _2rdamedia |
||
| 338 |
_avolumen _2rdacarrier |
||
| 500 | _aTraducción de: Ceramic design course | ||
| 650 | 4 |
_aAlfarería _925697 |
|
| 650 | 4 |
_aAlfarería _xTécnica _931377 |
|
| 650 | 4 |
_aArtesanías _92658 |
|
| 700 | 1 |
_aVidal, Mar, _etraductor _931378 |
|
| 942 |
_2lcc _cBK _n1 |
||
| 999 |
_c12902 _d12902 |
||